State of the art in digital mammographic image analysis

में बचाया:
ग्रंथसूची विवरण
अन्य लेखक: Bowyer, Kevin, 1955- Editor/a, Astley, S. Editor/a
स्वरूप: पुस्तक
भाषा:English
प्रकाशित: Singapore ; River Edge, NJ : World Scientific, c1994.
श्रृंखला:Series in machine perception and artificial intelligence ;
विषय:
टैग: टैग जोड़ें
कोई टैग नहीं, इस रिकॉर्ड को टैग करने वाले पहले व्यक्ति बनें!

MARC

LEADER 00000nam a2200000Ia 4500
003 002124
005 20221231143952.0
008 140114s1994 si a 000 ||eng d
040 |c cru CEDI 
082 |a 618.190.757.2 ST797s 
245 |a State of the art in digital mammographic image analysis  
260 |a Singapore ; River Edge, NJ : World Scientific,   |c c1994. 
300 |a xii, 291 páginas : ilustraciones. (algunas a color.) ; 23 cm. 
440 |a Series in machine perception and artificial intelligence ;  |n vol. 9  |9 21303 
650 |x MAMOGRAFIA   |x MAMOGRAFIA - METODOS   |x MAMAS - DIAGNOSTICO POR IMAGENES   |x RADIOGRAFIA MEDICA  |9 21304 
700 |9 21301  |a  Bowyer, Kevin, 1955-  |d Editor/a 
700 |9 21302  |a Astley, S.   |d Editor/a 
942 |2 ddc  |c BK 
999 |c 14955  |d 14955